Women's history review (Record no. 13550)

000 -LEADER
fixed length control field 00433cas a2200169 a 4500
022 ## - INTERNATIONAL STANDARD SERIAL NUMBER
ISSN 0961-2025
040 ## - CATALOGING SOURCE
Transcribing agency CUI
082 00 - DEWEY DECIMAL CLASSIFICATION NUMBER
Classification number 305 TRI 1992 A011 Or.
245 00 - TITLE STATEMENT
Title Women's history review
246 10 - VARYING FORM OF TITLE
Title proper/short title Women's history
260 ## - PUBLICATION, DISTRIBUTION, ETC. (IMPRINT)
Place of publication Wallingford, Oxfordshire, U.K. :
Name of publisher Triangle Journals Ltd.,
Year of publication 1992-
300 ## - PHYSICAL DESCRIPTION
Number of Pages v. :
Other physical details ill. ;
Dimensions 24 cm
500 ## - GENERAL NOTE
General note Title from cover
650 #0 - SUBJECT ADDED ENTRY--TOPICAL TERM
Topical Term Women
650 #0 - SUBJECT ADDED ENTRY--TOPICAL TERM
Topical Term Women's studies
942 ## - ADDED ENTRY ELEMENTS (KOHA)
Koha item type សៀវភៅភាសាអង់គ្លេស
952 ## - LOCATION AND ITEM INFORMATION (KOHA)
Withdrawn status [LOCAL, KOHA] 0
Holdings
Permanent Location Date acquired Koha item type Lost status Shelving location Barcode Current Location Full call number
Library Block A2017-08-28សៀវភៅភាសាអង់គ្លេស A011A17879Library Block A305 TRI 1992 A011 Or.
មជ្ឈមណ្ឌលឯការនៃសាកលវិទ្យាល័យភូមិន្ទកសិកម្មចំការដូង

Powered by Koha